[Event "FIDE Olympiad Disabilties 2020"]
[Site "Online"]
[Date "2020.11.21"]
[Round "7.20"]
[White "Selcuk, Umit"]
[Black "Rosikhin, Igor"]
[Result "1/2-1/2"]
[WhiteElo "1628"]
[BlackElo "1832"]
[Annotator "NA RC"]
[PlyCount "58"]
[EventDate "2020.11.21"]
[EventType "team-tourn"]
[EventCountry "NET"]
[SourceTitle "playchess.com"]
[Source "ChessBase"]
[SourceQuality "1"]
[WhiteTeam "Turkey"]
[BlackTeam "Belarus"]
[WhiteTeamCountry "TUR"]
[BlackTeamCountry "BLR"]

1. e4 g6 2. d4 Bg7 3. Nf3 c5 4. c3 d5 5. e5 Nc6 6. Be2 Bg4 7. O-O e6 8. h3 Bxf3 9. Bxf3 cxd4 10. cxd4 Qb6 11. Be3 Qxb2 12. Nd2 Qa3 13. Qb3 Qxb3 14. Nxb3 Nge7 15. Nc5 Rb8 16. Rab1 b6 17. Na6 Rc8 18. Nb4 Nxb4 19. Rxb4 Kd7 20. Ra4 Nc6 21. Be2 Rc7 22. Bb5 Rhc8 23. Rc1 a5 24. Ra3 Ke7 25. Rac3 Kd7 26. Ba6 Ra8 27. Bb5 Rac8 28. Ba6 Ra8 29. Bb5 Rac8 1/2-1/2

[Event "FIDE Olympiad Disabilties 2020"]
[Site "Online"]
[Date "2020.11.21"]
[Round "7.20"]
[White "Gungor, Gokhan R"]
[Black "Tsitou, Dzmitry"]
[Result "0-1"]
[WhiteElo "1579"]
[BlackElo "1773"]
[Annotator "NA RC"]
[PlyCount "74"]
[EventDate "2020.11.21"]
[EventType "team-tourn"]
[EventCountry "NET"]
[SourceTitle "playchess.com"]
[Source "ChessBase"]
[SourceQuality "1"]
[WhiteTeam "Turkey"]
[BlackTeam "Belarus"]
[WhiteTeamCountry "TUR"]
[BlackTeamCountry "BLR"]

1. e4 c6 2. d4 d5 3. exd5 cxd5 4. c4 Nf6 5. Nc3 Nc6 6. c5 Bf5 7. Nf3 e6 8. Bb5 Rc8 9. Qa4 Be7 10. Ne5 O-O 11. Nxc6 bxc6 12. Bxc6 Qc7 13. Bb5 Ng4 14. Be2 Bf6 15. h3 Nxf2 16. Kxf2 Bh4+ 17. Kf1 Qg3 18. Be3 Qxe3 19. Nd1 Qd2 20. Nf2 Bxf2 21. Kxf2 Bc2 22. b3 Qf4+ 23. Bf3 Be4 24. Rae1 Bxf3 25. gxf3 Rfe8 26. Qa6 Qxd4+ 27. Kg2 Rxc5 28. Re2 Rc3 29. Qb5 Rec8 30. Rhe1 g6 31. Kg3 Qf6 32. Rf2 Qg5+ 33. Kh2 Qh4 34. Ree2 Rc1 35. a4 Qf4+ 36. Kg2 Qg5+ 37. Kh2 Qg1# 0-1

[Event "FIDE Olympiad Disabilties 2020"]
[Site "Online"]
[Date "2020.11.21"]
[Round "7.20"]
[White "Mikhalionak, Alena"]
[Black "Guleryuz, Zeynep"]
[Result "1-0"]
[WhiteElo "1508"]
[BlackElo "1199"]
[Annotator "NA RC"]
[PlyCount "99"]
[EventDate "2020.11.21"]
[EventType "team-tourn"]
[EventCountry "NET"]
[SourceTitle "playchess.com"]
[Source "ChessBase"]
[SourceQuality "1"]
[WhiteTeam "Belarus"]
[BlackTeam "Turkey"]
[WhiteTeamCountry "BLR"]
[BlackTeamCountry "TUR"]

1. d4 d5 2. Nf3 Nf6 3. e3 g6 4. c4 c6 5. Nc3 Bg7 6. Bd3 dxc4 7. Bxc4 e6 8. O-O O-O 9. Qc2 b5 10. Be2 Bb7 11. a3 Nbd7 12. b4 Qc7 13. Nxb5 Qb8 14. Nc3 Qd6 15. Rd1 Nd5 16. Ne4 Qe7 17. Bb2 Rac8 18. Rab1 N7f6 19. Nc5 Nh5 20. Rdc1 Rc7 21. Nxb7 Rxb7 22. Qxc6 Rc7 23. Qa4 Rfc8 24. Qb3 Bh6 25. Ne5 Nhf6 26. Bc4 Nb6 27. Be2 Nbd5 28. h3 Ne4 29. Qd3 f5 30. Bf3 Nxf2 31. Kxf2 Bxe3+ 32. Ke2 Nf4+ 33. Kxe3 Nxd3 34. Kxd3 Qd6 35. Ke3 Rxc1 36. Rxc1 Rb8 37. Rc5 Qf8 38. Nd7 f4+ 39. Kf2 Qf5 40. Nxb8 Qd3 41. Rc8+ Kg7 42. Rc7+ Kh6 43. Be2 Qg3+ 44. Kg1 Qe1+ 45. Bf1 Qe3+ 46. Kh1 Qg3 47. Rc3 Qe1 48. Rf3 g5 49. Bc3 Qh4 50. Kg1 1-0

[Event "FIDE Olympiad Disabilties 2020"]
[Site "Online"]
[Date "2020.11.21"]
[Round "7.21"]
[White "Arias Cano, Iliak Omar"]
[Black "Franco, Yolima"]
[Result "1-0"]
[WhiteElo "1882"]
[BlackElo "1517"]
[Annotator "NA RC"]
[PlyCount "63"]
[EventDate "2020.11.21"]
[EventType "team-tourn"]
[EventCountry "NET"]
[SourceTitle "playchess.com"]
[Source "ChessBase"]
[SourceQuality "1"]
[BlackTeam "Colombia"]
[BlackTeamCountry "COL"]

1. e4 c5 2. Nf3 Nc6 3. Bc4 e6 4. Nc3 a6 5. a3 Nf6 6. d3 Be7 7. O-O O-O 8. h3 b5 9. Ba2 Bb7 10. Be3 Re8 11. Re1 Qc7 12. Qd2 Bf8 13. Bf4 d6 14. e5 dxe5 15. Bxe5 Nxe5 16. Nxe5 Bd6 17. f4 Rad8 18. Re2 Nh5 19. Qe3 f6 20. g4 fxe5 21. fxe5 Bf8 22. gxh5 c4 23. Kh2 Bc5 24. Qg3 Bd4 25. h6 g6 26. Rf1 Re7 27. dxc4 bxc4 28. h4 Bc5 29. h5 Red7 30. hxg6 hxg6 31. Qxg6+ Kh8 32. Bxc4 1-0

[Event "FIDE Olympiad Disabilties 2020"]
[Site "Online"]
[Date "2020.11.21"]
[Round "7.21"]
[White "Osorio, Jesus Camilo"]
[Black "Suaza, Yesid"]
[Result "0-1"]
[WhiteElo "1859"]
[BlackElo "1836"]
[Annotator "NA RC"]
[PlyCount "110"]
[EventDate "2020.11.21"]
[EventType "team-tourn"]
[EventCountry "NET"]
[SourceTitle "playchess.com"]
[Source "ChessBase"]
[SourceQuality "1"]
[WhiteTeam "Panama"]
[BlackTeam "Colombia"]
[WhiteTeamCountry "PAN"]
[BlackTeamCountry "COL"]

1. d4 Nf6 2. Nf3 d6 3. Bf4 g6 4. h3 Bg7 5. e3 c5 6. c3 Qb6 7. Qb3 Be6 8. Qxb6 axb6 9. a3 O-O 10. Nbd2 Nc6 11. Be2 h6 12. O-O g5 13. Bh2 g4 14. hxg4 Bxg4 15. Rfe1 Kh8 16. Rad1 Rg8 17. Kf1 Na5 18. Rc1 h5 19. Ng5 Bxe2+ 20. Kxe2 Raf8 21. Rh1 Bh6 22. Ngf3 Rg4 23. Bg3 Rfg8 24. Rh4 Kg7 25. Rxg4+ hxg4 26. Ne1 Bg5 27. Nd3 Rh8 28. f3 Nc6 29. Bf4 Bxf4 30. Nxf4 Rh2 31. Kf2 gxf3 32. Nxf3 Rh8 33. Nd2 Rh4 34. Rg1 cxd4 35. cxd4 Rg4 36. d5 Ne5 37. Rc1 Rxf4+ 38. exf4 Nd3+ 39. Ke3 Nxc1 40. Nc4 Nxd5+ 41. Kd4 Nxf4 42. g3 Nfe2+ 43. Ke3 Nxg3 44. Nxb6 Nf5+ 45. Kf4 Kg6 46. Nd5 Nd3+ 47. Ke4 Nxb2 48. Nb4 Na4 49. Nd3 Nc5+ 50. Nxc5 dxc5 51. Kd5 b5 52. Kxc5 Nd6 53. Kd5 f5 54. Ke5 Kg5 55. Kd4 f4 0-1

[Event "FIDE Olympiad Disabilties 2020"]
[Site "Online"]
[Date "2020.11.21"]
[Round "7.21"]
[White "Ortega Moran, Helmer Andres"]
[Black "Singares, Mario Oscar"]
[Result "1-0"]
[WhiteElo "1762"]
[BlackElo "1425"]
[Annotator "NA RC"]
[PlyCount "27"]
[EventDate "2020.11.21"]
[EventType "team-tourn"]
[EventCountry "NET"]
[SourceTitle "playchess.com"]
[Source "ChessBase"]
[SourceQuality "1"]
[WhiteTeam "Colombia"]
[BlackTeam "Panama"]
[WhiteTeamCountry "COL"]
[BlackTeamCountry "PAN"]

1. e4 e5 2. Nf3 Nc6 3. Bb5 Nf6 4. O-O a6 5. Bxc6 dxc6 6. Nxe5 Nxe4 7. Re1 Qe7 8. Nf3 Bg4 9. d3 g6 10. Rxe4 Be6 11. Bg5 Qc5 12. Bf6 Qb6 13. Bxh8 O-O-O 14. Bd4 1-0

[Event "FIDE Olympiad Disabilties 2020"]
[Site "Online"]
[Date "2020.11.21"]
[Round "7.22"]
[White "Gora, Tapiwa"]
[Black "Ozalp, Sinan"]
[Result "0-1"]
[WhiteElo "1929"]
[BlackElo "1549"]
[Annotator "TA"]
[PlyCount "130"]
[EventDate "2020.11.21"]
[EventType "team-tourn"]
[EventCountry "NET"]
[SourceTitle "playchess.com"]
[Source "ChessBase"]
[SourceQuality "1"]
[WhiteTeam "Zimbabwe"]
[BlackTeam "Turkey"]
[WhiteTeamCountry "ZIM"]
[BlackTeamCountry "TUR"]

1. e4 e5 2. Nf3 d6 3. d4 exd4 4. Qxd4 Qf6 5. Qe3 Bg4 6. Nc3 Bxf3 7. Nd5 Qd8 8. Qxf3 c6 9. Nc3 Nf6 10. Bg5 Be7 11. O-O-O Qc7 12. Bc4 b5 13. Nxb5 cxb5 14. Bxb5+ Nfd7 15. Bxe7 Kxe7 16. e5 Nxe5 17. Qxa8 Rc8 18. c3 Nbc6 19. Qxc8 Qxc8 20. Rhe1 a6 21. Bf1 g5 22. g3 Kd7 23. f4 Ng4 24. fxg5 Kc7 25. Bh3 Nce5 26. Re4 Qf5 27. Rf4 Qxg5 28. Bxg4 Nxg4 29. h4 Qg6 30. Rfd4 Ne3 31. R1d3 Qxg3 32. b3 Qe1+ 33. Kb2 Nf5 34. Rd5 Qe2+ 35. Rd2 Qe4 36. h5 Kc6 37. Ra5 Kb6 38. Rad5 Qf3 39. h6 Qe4 40. a4 Kc6 41. c4 f6 42. Ra5 Kb6 43. Rdd5 Qe2+ 44. Ka3 Ne3 45. Rxd6+ Kb7 46. Raxa6 Nc2+ 47. Kb2 Nb4+ 48. Kc3 Nxa6 49. Rd7+ Kc6 50. Rf7 Qe5+ 51. Kc2 Nb4+ 52. Kd2 Qf4+ 53. Kc3 Na2+ 54. Kb2 Qd2+ 55. Ka3 Nc3 56. Rxh7 Qd6+ 57. Kb2 Nd1+ 58. Ka2 Qd2+ 59. Ka3 Qc1+ 60. Kb4 Qd2+ 61. Ka3 Qd3 62. Rf7 Qd6+ 63. Ka2 Nc3+ 64. Kb2 Qd2+ 65. Ka3 Nb1# 0-1

[Event "FIDE Olympiad Disabilties 2020"]
[Site "Online"]
[Date "2020.11.21"]
[Round "7.22"]
[White "Ozgur, Ayhan"]
[Black "CHIKAFU, ONAI"]
[Result "0-1"]
[WhiteElo "1426"]
[BlackElo "1494"]
[Annotator "NA RC"]
[PlyCount "84"]
[EventDate "2020.11.21"]
[EventType "team-tourn"]
[EventCountry "NET"]
[SourceTitle "playchess.com"]
[Source "ChessBase"]
[SourceQuality "1"]
[WhiteTeam "Turkey"]
[BlackTeam "Zimbabwe"]
[WhiteTeamCountry "TUR"]
[BlackTeamCountry "ZIM"]

1. e4 c5 2. Nf3 Nc6 3. Bc4 d6 4. c3 Nf6 5. d3 e6 6. Bg5 Be7 7. Nbd2 Bd7 8. h3 Rb8 9. d4 b5 10. Bb3 a5 11. e5 dxe5 12. dxe5 Nd5 13. Bxe7 Ncxe7 14. Ne4 Qc7 15. Qd2 O-O 16. O-O c4 17. Bc2 Ng6 18. Neg5 Rbd8 19. Bxg6 fxg6 20. Qd4 Bc8 21. Qh4 h6 22. Rad1 Rf4 23. Qg3 hxg5 24. Rxd5 Rxd5 25. Nxg5 Qxe5 26. Nf3 Qf5 27. Nh4 Qg5 28. Nxg6 Qxg3 29. Ne7+ Kf7 30. Nxd5 Qg5 31. Nxf4 Qxf4 32. f3 Bb7 33. Rd1 Bd5 34. Kf2 Qf5 35. Re1 g5 36. Re2 e5 37. Kg1 Kg6 38. Re1 e4 39. fxe4 Bxe4 40. Rd1 Qf4 41. Re1 Bd3 42. a3 Qd2 0-1

[Event "FIDE Olympiad Disabilties 2020"]
[Site "Online"]
[Date "2020.11.21"]
[Round "7.22"]
[White "Shonhiwa, Natasha"]
[Black "Ozturk, Busra"]
[Result "0-1"]
[WhiteElo "1275"]
[BlackElo "1100"]
[Annotator "NA RC"]
[PlyCount "30"]
[EventDate "2020.11.21"]
[EventType "team-tourn"]
[EventCountry "NET"]
[SourceTitle "playchess.com"]
[Source "ChessBase"]
[SourceQuality "1"]
[BlackTeam "Turkey"]
[BlackTeamCountry "TUR"]

1. e4 c5 2. Nf3 d6 3. d3 Nc6 4. Qe2 Nf6 5. Nc3 g6 6. Bd2 Bg7 7. d4 cxd4 8. Nb1 Qb6 9. c3 Qxb2 10. Qd1 Qxa1 11. Na3 Qxa2 12. Nc4 Nxe4 13. h4 dxc3 14. Bc1 Nd4 15. Rg1 Qxf2# 0-1

[Event "FIDE Olympiad Disabilties 2020"]
[Site "Online"]
[Date "2020.11.21"]
[Round "7.23"]
[White "Dima, Mihai"]
[Black "Guibert, Jeremy"]
[Result "1-0"]
[WhiteElo "1997"]
[BlackElo "1861"]
[Annotator "NA RC"]
[PlyCount "91"]
[EventDate "2020.11.21"]
[EventType "team-tourn"]
[EventCountry "NET"]
[SourceTitle "playchess.com"]
[Source "ChessBase"]
[SourceQuality "1"]
[WhiteTeam "Romania"]
[BlackTeam "France"]
[WhiteTeamCountry "ROU"]
[BlackTeamCountry "FRA"]

1. e4 c5 2. Nf3 Nc6 3. d4 cxd4 4. Nxd4 Nf6 5. Nc3 e5 6. Ndb5 d6 7. Bg5 a6 8. Na3 b5 9. Bxf6 gxf6 10. Nd5 Bg7 11. c3 f5 12. exf5 Bxf5 13. Nc2 O-O 14. Nce3 Be6 15. Bd3 f5 16. Qh5 e4 17. Bc2 Ne7 18. Rd1 Nxd5 19. Nxd5 Be5 20. O-O Bxd5 21. Rxd5 Qe8 22. Qh3 Qg6 23. f4 Bg7 24. Re1 Rf6 25. Qe3 Qe8 26. Bb3 Kh8 27. Qb6 Qb8 28. Qe3 Qa7 29. Qxa7 Rxa7 30. Red1 Bf8 31. Kf2 Be7 32. Ke3 Kg7 33. h3 h5 34. g4 hxg4 35. hxg4 fxg4 36. Rg1 Rg6 37. Kxe4 Ra8 38. f5 Rg5 39. Kf4 Kf6 40. Re1 Rag8 41. Re6+ Kf7 42. Rd3 Kf8 43. f6 Bd8 44. Rde3 Kf7 45. Re7+ Kxf6 46. R3e6# 1-0

[Event "FIDE Olympiad Disabilties 2020"]
[Site "Online"]
[Date "2020.11.21"]
[Round "7.23"]
[White "Afraoui, Solenn"]
[Black "Stroe, Constantin"]
[Result "1-0"]
[WhiteElo "1889"]
[BlackElo "1917"]
[Annotator "TA"]
[PlyCount "71"]
[EventDate "2020.11.21"]
[EventType "team-tourn"]
[EventCountry "NET"]
[SourceTitle "playchess.com"]
[Source "ChessBase"]
[SourceQuality "1"]
[WhiteTeam "France"]
[BlackTeam "Romania"]
[WhiteTeamCountry "FRA"]
[BlackTeamCountry "ROU"]

1. e4 e6 2. d4 d5 3. Nc3 Nf6 4. Bg5 Be7 5. e5 Nfd7 6. Bxe7 Qxe7 7. f4 c5 8. dxc5 Nxc5 9. Nf3 O-O 10. Bd3 g6 11. Qd2 Nc6 12. h4 h5 13. g4 hxg4 14. Ng5 f6 15. exf6 Qxf6 16. O-O-O Nxd3+ 17. Qxd3 Qxf4+ 18. Kb1 Qf5 19. Qg3 Ne5 20. Rde1 Nf3 21. Qc7 Nxg5 22. hxg5 Qf7 23. Qh2 Qg7 24. Reg1 e5 25. Nxd5 Bf5 26. Nf6+ Kf7 27. Qxe5 Rfe8 28. Qf4 Rh8 29. Qc7+ Kf8 30. Rxh8+ Qxh8 31. Qd6+ Kf7 32. Re1 Qd8 33. Qh2 Qh8 34. Qc7+ Kf8 35. Qd6+ Kf7 36. Qe7# 1-0

[Event "FIDE Olympiad Disabilties 2020"]
[Site "Online"]
[Date "2020.11.21"]
[Round "7.23"]
[White "Vasquez, Georges"]
[Black "Lupascu, Maria"]
[Result "1/2-1/2"]
[WhiteElo "1871"]
[BlackElo "1480"]
[Annotator "NA RC"]
[PlyCount "86"]
[EventDate "2020.11.21"]
[EventType "team-tourn"]
[EventCountry "NET"]
[SourceTitle "playchess.com"]
[Source "ChessBase"]
[SourceQuality "1"]
[WhiteTeam "France"]
[BlackTeam "Romania"]
[WhiteTeamCountry "FRA"]
[BlackTeamCountry "ROU"]

1. Nf3 c5 2. g3 Nc6 3. Bg2 Nf6 4. O-O d6 5. c4 e5 6. d3 g6 7. Nc3 Bg7 8. Bg5 Be6 9. Ne4 h6 10. Bxf6 Bxf6 11. Nxf6+ Qxf6 12. Nd2 O-O 13. e3 Qg7 14. Ne4 Rad8 15. Nc3 f5 16. Nd5 Ne7 17. Nxe7+ Qxe7 18. Qe2 d5 19. Rad1 dxc4 20. dxc4 e4 21. b3 Kf7 22. f3 exf3 23. Bxf3 b6 24. e4 Rxd1 25. Rxd1 Rd8 26. exf5 Rxd1+ 27. Qxd1 Bxf5 28. Bd5+ Kg7 29. Qd2 Qe5 30. Bg2 Qd4+ 31. Qxd4+ cxd4 32. Kf2 Kf6 33. a3 Ke5 34. Ke2 g5 35. Kd2 a5 36. b4 axb4 37. axb4 h5 38. Bf3 h4 39. Bg2 Be6 40. Kd3 Bf5+ 41. Kd2 Be6 42. Bf1 Ke4 43. Bg2+ Ke5 1/2-1/2

[Event "FIDE Olympiad Disabilties 2020"]
[Site "Online"]
[Date "2020.11.21"]
[Round "7.23"]
[White "Rada, Florin-Iulian"]
[Black "Moulin, Marie"]
[Result "1-0"]
[WhiteElo "1563"]
[BlackElo "1579"]
[Annotator "NA RC"]
[PlyCount "103"]
[EventDate "2020.11.21"]
[EventType "team-tourn"]
[EventCountry "NET"]
[SourceTitle "playchess.com"]
[Source "ChessBase"]
[SourceQuality "1"]
[WhiteTeam "Romania"]
[BlackTeam "France"]
[WhiteTeamCountry "ROU"]
[BlackTeamCountry "FRA"]

1. e4 d5 2. exd5 Nf6 3. c4 e6 4. dxe6 Bxe6 5. d4 Bb4+ 6. Nc3 Bg4 7. Qa4+ Nc6 8. d5 Nxd5 9. cxd5 Qxd5 10. Bd2 Bxc3 11. Bxc3 Qe6+ 12. Be2 Bxe2 13. Nxe2 O-O-O 14. h3 Rhe8 15. Qc2 g6 16. f3 f5 17. Rd1 Rxd1+ 18. Qxd1 Qc4 19. Kf2 Ne5 20. Bxe5 Rxe5 21. Re1 Qc5+ 22. Kf1 Rd5 23. Qc1 Qd6 24. Qf4 Re5 25. Qa4 a6 26. Qd4 Qe6 27. Rd1 Kb8 28. Nf4 Qe7 29. Qd8+ Ka7 30. Qxe7 Rxe7 31. Nd5 Rd7 32. Ke2 c6 33. Nc3 Re7+ 34. Kf2 Kb6 35. b3 Kc5 36. a3 b5 37. Rc1 Kd4 38. Ne2+ Kd3 39. Nf4+ Kd2 40. Rxc6 g5 41. Rd6+ Kc2 42. Nd5 Re5 43. b4 Kb3 44. Nc7 Kxa3 45. Nxa6 f4 46. Rc6 Rd5 47. Rc5 Rd6 48. Nc7 Kxb4 49. Rxb5+ Kc4 50. Rxg5 Rd2+ 51. Kg1 Kc3 52. Rg4 1-0

[Event "FIDE Olympiad Disabilties 2020"]
[Site "Online"]
[Date "2020.11.21"]
[Round "7.24"]
[White "Solak, Yusuf"]
[Black "Mgeladze, Anna"]
[Result "1-0"]
[WhiteElo "1531"]
[BlackElo "1386"]
[Annotator "NA RC"]
[PlyCount "111"]
[EventDate "2020.11.21"]
[EventType "team-tourn"]
[EventCountry "NET"]
[SourceTitle "playchess.com"]
[Source "ChessBase"]
[SourceQuality "1"]
[WhiteTeam "Turkey"]
[WhiteTeamCountry "TUR"]

1. e4 e5 2. Nf3 Nc6 3. Bb5 Nf6 4. O-O Nxe4 5. Re1 Nd6 6. Bxc6 bxc6 7. Nxe5 Be7 8. d4 O-O 9. Qe2 Nb5 10. Nxc6 dxc6 11. Qxe7 Qxe7 12. Rxe7 Nxd4 13. Na3 Bf5 14. c3 Rfe8 15. Rxe8+ Rxe8 16. Be3 Ne2+ 17. Kh1 Bd3 18. h3 Rb8 19. Rd1 Ba6 20. Bxa7 Re8 21. c4 Ng3+ 22. fxg3 h6 23. b3 Re2 24. Ra1 Bc8 25. g4 f5 26. gxf5 Bxf5 27. Kg1 Be4 28. Bf2 g5 29. Nb1 Bxb1 30. Rxb1 Rxa2 31. Bg3 Ra7 32. Rd1 Ra3 33. Rd3 Kg7 34. Bxc7 Ra1+ 35. Kf2 Ra2+ 36. Kf3 Ra7 37. Rd7+ Kf6 38. Bd8+ Ke6 39. Rxa7 Kd6 40. Be7+ Ke5 41. Ke3 h5 42. Bxg5 h4 43. Bxh4 c5 44. g4 Kd6 45. Ke4 Kc6 46. Ra6+ Kb7 47. Rd6 Kc7 48. Kd5 Kb7 49. Rc6 Ka7 50. Kxc5 Kb7 51. Kb5 Ka7 52. Bf2+ Kb7 53. b4 Ka8 54. Kb6 Kb8 55. Bg3+ Ka8 56. Rc8# 1-0

[Event "FIDE Olympiad Disabilties 2020"]
[Site "Online"]
[Date "2020.11.21"]
[Round "7.24"]
[White "Talikadze, Leri"]
[Black "Koksal, Recep"]
[Result "0-1"]
[WhiteElo "1162"]
[BlackElo "1711"]
[Annotator "NA RC"]
[PlyCount "94"]
[EventDate "2020.11.21"]
[EventType "team-tourn"]
[EventCountry "NET"]
[SourceTitle "playchess.com"]
[Source "ChessBase"]
[SourceQuality "1"]
[WhiteTeam "Georgia"]
[BlackTeam "Turkey"]
[WhiteTeamCountry "GEO"]
[BlackTeamCountry "TUR"]

1. d4 Nf6 2. c4 e6 3. g3 c5 4. Nf3 cxd4 5. Qxd4 Nc6 6. Qd1 d5 7. cxd5 Nxd5 8. a3 Be7 9. Bg2 O-O 10. O-O Bf6 11. Qc2 Qb6 12. Nbd2 Rd8 13. Ne4 Be7 14. b4 Bd7 15. Bb2 Rac8 16. Neg5 g6 17. Qb3 Na5 18. Qd1 Nc4 19. Bd4 Qa6 20. Ne4 Ba4 21. Qc1 Nce3 22. Qxe3 Nxe3 23. fxe3 Bc6 24. Nc5 Bxc5 25. Bxc5 Qxe2 26. Rae1 Qa2 27. Rf2 Qxa3 28. Ref1 Bb5 29. Re1 b6 30. Be7 Rd7 31. Bg5 Qxb4 32. Bf1 Bxf1 33. Rexf1 Qa5 34. h4 e5 35. Nh2 Rc4 36. Rf6 Qd5 37. Bh6 Rc6 38. R6f2 f5 39. g4 Rf7 40. e4 Qxe4 41. Rd2 Rc8 42. Rfd1 Re7 43. Rd8+ Re8 44. R8d7 Rc2 45. Rg7+ Kh8 46. Rxh7+ Kxh7 47. Rd7+ Kh8 0-1

[Event "FIDE Olympiad Disabilties 2020"]
[Site "Online"]
[Date "2020.11.21"]
[Round "7.25"]
[White "Leyton Calderon, Jairo Oswaldo"]
[Black "Sargissyan, Sargis"]
[Result "0-1"]
[WhiteElo "1526"]
[BlackElo "2269"]
[Annotator "TA"]
[PlyCount "58"]
[EventDate "2020.11.21"]
[EventType "team-tourn"]
[EventCountry "NET"]
[SourceTitle "playchess.com"]
[Source "ChessBase"]
[SourceQuality "1"]
[WhiteTeam "Nicaragua"]
[BlackTeam "Armenia"]
[WhiteTeamCountry "NCA"]
[BlackTeamCountry "ARM"]

1. Nf3 Nf6 2. b3 d5 3. Bb2 Bf5 4. e3 Nbd7 5. c4 e6 6. Be2 h6 7. Nc3 c6 8. O-O Bd6 9. d4 O-O 10. h3 a6 11. Rc1 b5 12. cxb5 cxb5 13. Bd3 Ne4 14. Qe2 Qa5 15. Bb1 Rac8 16. Nxe4 Bxe4 17. Ba1 Ba3 18. Bb2 Bb4 19. Ba1 Bxb1 20. Rxb1 Rc7 21. Rbc1 Rfc8 22. Rxc7 Qxc7 23. Bb2 Qc2 24. Qxc2 Rxc2 25. Rb1 Kf8 26. Ne5 Nxe5 27. dxe5 Ke7 28. Kf1 Kd7 29. Ra1 Rxb2 0-1

[Event "FIDE Olympiad Disabilties 2020"]
[Site "Online"]
[Date "2020.11.21"]
[Round "7.26"]
[White "Khishigbayar, Mijgee"]
[Black "Sadam, Ali Sheikh"]
[Result "1-0"]
[WhiteElo "1847"]
[BlackElo "1190"]
[Annotator "NA RC"]
[PlyCount "43"]
[EventDate "2020.11.21"]
[EventType "team-tourn"]
[EventCountry "NET"]
[SourceTitle "playchess.com"]
[Source "ChessBase"]
[SourceQuality "1"]
[WhiteTeam "Mongolia"]
[WhiteTeamCountry "MGL"]

1. d4 e6 2. c4 d5 3. Nc3 Bb4 4. Bf4 Bxc3+ 5. bxc3 Nf6 6. e3 c6 7. Bd3 Qa5 8. Qc2 b5 9. c5 Nbd7 10. Bd6 Ba6 11. Ne2 Qd8 12. O-O Bb7 13. f3 a5 14. Rab1 Nf8 15. a4 Ng6 16. axb5 Ne7 17. e4 dxe4 18. fxe4 Ng4 19. Rf3 h5 20. Rbf1 Nc8 21. e5 cxb5 22. Bxb5+ 1-0

[Event "FIDE Olympiad Disabilties 2020"]
[Site "Online"]
[Date "2020.11.21"]
[Round "7.29"]
[White "Mbaziira Wasswa Sharif"]
[Black "Telles, Rigoberto"]
[Result "0-1"]
[WhiteElo "1362"]
[BlackElo "1307"]
[Annotator "NA RC"]
[PlyCount "36"]
[EventDate "2020.11.21"]
[EventType "team-tourn"]
[EventCountry "NET"]
[SourceTitle "playchess.com"]
[Source "ChessBase"]
[SourceQuality "1"]
[WhiteTeam "Uganda"]
[BlackTeam "Costa Rica"]
[WhiteTeamCountry "UGA"]
[BlackTeamCountry "CRI"]

1. c4 e6 2. e4 c6 3. Nc3 d5 4. cxd5 exd5 5. exd5 cxd5 6. Nf3 Nf6 7. Bb5+ Bd7 8. Qe2+ Be7 9. d4 O-O 10. Bf4 Bb4 11. O-O Bxc3 12. bxc3 Re8 13. Qd3 a6 14. Bxd7 Nbxd7 15. Ne5 Nf8 16. Rfe1 Ng6 17. Nxg6 fxg6 18. Be5 Nd7 0-1